| 000 | 00516nam a22001697a 4500 | ||
|---|---|---|---|
| 005 | 20251108164222.0 | ||
| 008 | 250721s1965 xx 000 0 ara d | ||
| 082 | 1 | 4 | _a840.1/كرا |
| 100 | 1 | _aكرانتون، موريس | |
| 245 | 1 | 0 | _aسارتر بين الفلسفة و الأدب / |
| 264 | 1 |
_aبيروت : _bدار مكتبة الحياة، _c1965. |
|
| 300 | _a165 ص | ||
| 650 | 1 | 7 | _aالأدب الفرنسي |
| 700 | 1 |
_aعبد المنعم، مجاهد _eترجمة |
|
| 942 |
_2ddc _cBK |
||
| 999 |
_c6673 _d6673 |
||